000 00924nam a2200277Ia 4500
001 Para_8376
003 CHAP
008 220125s9999 xx 000 0 und d
010 _a207238
040 _cCHAP
082 _aPA-C 595.752 A6
100 _aTakahashi, Ryoichi
_9111377
245 _aOn some species of the genus nipponaphis pergande caphidídae, Hemiptera /
_c by Ryoichi Takahashi
300 _a2 h.
440 _aAphidae; 13
_9171222
500 _aSobretiro de: Bull. Brooklyn Ent. Soc. 15 (4): 115-116, 1920. Encuadernado con otros impresos similares
650 _a
_x Afididos
_x Colecciones de escritos
_x Eriosoma querci
_9171224
710 _aBulletin on the Brooklyn Entomological Society 15 (4)
_9173788
901 _aPA-C 595.752 A6
902 _aA
905 _a000000 0000000000 00
910 _a
942 _cPARA
942 _cPARA
_d1
999 _c207238
_d207238